Peringatan Raja-Raja Kedah : (Record no. 111308)

MARC details
000 -LEADER
fixed length control field 00784nam a2200241 i 4500
001 - CONTROL NUMBER
control field C2-0308724
003 - CONTROL NUMBER IDENTIFIER
control field PPAK
005 - DATE AND TIME OF LATEST TRANSACTION
control field 20180728095617.0
008 - FIXED-LENGTH DATA ELEMENTS--GENERAL INFORMATION
fixed length control field 110511s2003 my |||| ||||| | may d
040 ## - CATALOGING SOURCE
Original cataloging agency PPAK
Language of cataloging eng
Transcribing agency PPAK
Description conventions rda
082 04 - DEWEY DECIMAL CLASSIFICATION NUMBER
Classification number 923.1595112
Edition number 23
090 00 - LOCALLY ASSIGNED LC-TYPE CALL NUMBER (OCLC); LOCAL CALL NUMBER (RLIN)
Classification number (OCLC) (R) ; Classification number, CALL (RLIN) (NR) 923.1595112
Feature heading ZAH
Feature heading KK
100 0# - MAIN ENTRY--PERSONAL NAME
Personal name Zahir Ahmad,
Titles and words associated with a name Prof. Madya Dr.
Relator term author
245 10 - TITLE STATEMENT
Title Peringatan Raja-Raja Kedah :
Remainder of title satu pengenalan naskhah
264 #1 - PRODUCTION, PUBLICATION, DISTRIBUTION, MANUFACTURE, AND COPYRIGHT NOTICE
Place of production, publication, distribution, manufacture [Alor Setar, Kedah] :
Name of producer, publisher, distributor, manufacturer Perbadanan Perpustakaan Awam Kedah ,
Date of production, publication, distribution, manufacture, or copyright notice 2003
300 ## - PHYSICAL DESCRIPTION
Extent 18 pages ;
Dimensions 30 cm
336 ## - CONTENT TYPE
Source rdacontent
Content type term text
337 ## - MEDIA TYPE
Source rdamedia
Media type term unmediated
338 ## - CARRIER TYPE
Source rdacarrier
Carrier type term volume
500 ## - GENERAL NOTE
General note Kertas Kerja - Bengkel Kajian Naskhah Kesultanan Melayu III
650 10 - SUBJECT ADDED ENTRY--TOPICAL TERM
Topical term or geographic name entry element Head of State - Malaysia - Kedah.
942 ## - ADDED ENTRY ELEMENTS (KOHA)
-- dc
Koha item type Book
Holdings
Withdrawn Not for loan Current library Shelving location Date acquired Full call number Barcode Date last seen Koha item type Total Checkouts
  Not For Loan Perpustakaan Alor Setar Koleksi Kedah 11/05/2011 KK 923.1595112 ZAH A00364332 09/05/2018 Working papers  
  Not For Loan Perpustakaan Alor Setar Koleksi Kedah 16/05/2011 KK 923.1595112 ZAH A00364363 09/05/2018 Working papers  
  Not For Loan Perpustakaan Alor Setar Koleksi Wan Shamsudin 11/06/2023 KWS 923.1595112 ZAH KWS000150 11/06/2023 Book